[Event "Olympiad Women 2024"]
[Site "Budapest HUN"]
[Date "2024.09.14"]
[Round "4.3"]
[Board "2"]
[White "Song, Yuxin"]
[Black "Houska, Jovanka"]
[Result "1-0"]
[WhiteElo "2373"]
[BlackElo "2333"]
[PlyCount "43"]
[EventDate "2024.09.11"]
[WhiteTeam "China"]
[BlackTeam "England"]
[WhiteTeamCountry "CHN"]
[BlackTeamCountry "ENG"]

1. e4 c6 2. d4 d5 3. Nc3 g6 4. e5 Bg7 5. Bf4 f6 ({RR} 5... Nd7 6. Qd2 Nf8 7. Be3 h5 8. f4 Nh6 9. Bf2 Ng4 10. Bh4 Nh6 11. O-O-O Bf5 12. h3 Ne6 13. Nf3 Be4 14. Ng5 Nxg5 15. fxg5 Nf5 16. Bf2 Qc7 17. Qe2 O-O-O 18. Nxe4 dxe4 19. Qxe4 c5 20. Bc4 {½-½ Stoofvlees II b1 (3511)-KomodoDragon 2970.00 (3568) TCEC 23 Premier 2022 (18.2)}) 6. Qd2 Bf5 ({RR} 6... Nd7 7. Nf3 Nf8 8. h3 g5 9. Be3 h5 10. O-O-O Bf5 11. Re1 Kf7 12. Bd3 Qd7 13. Ne2 h4 14. g4 Be4 15. Bxe4 dxe4 16. Nh2 Qe6 17. f3 Qxa2 18. Nc3 Qa1+ 19. Nb1 fxe5 20. fxe4 Ne6 21. Rhf1+ {1-0 Dreelinck,J (2265)-Fernandez,D (2519) Thinkers Publishing GM 2024 (8.3)}) 7. Nf3 $146 ({RR} 7. h4 Nd7 8. Nf3 fxe5 9. dxe5 Nc5 10. O-O-O Ne6 11. Be3 Bg4 12. Be2 Bxf3 13. Bxf3 Bxe5 14. Bg4 Ng7 15. f4 Bf6 16. h5 Nh6 17. Bf3 gxh5 18. Bxh5+ Nxh5 19. Rxh5 Nf7 20. g4 Qa5 21. g5 Bg7 {½-½ Ni,S (2332)-Li Xueyi (2276) ch-CHN Women 2023 (4.5)}) 7... Nd7 8. O-O-O Qa5 9. Kb1 O-O-O 10. exf6 Ndxf6 11. h3 h5 12. Ne5 Nh6 13. Bd3 Ne8 14. Bxf5+ Nxf5 15. Nxg6 Rg8 16. g4 Nxd4 17. Nxe7+ Kd7 18. Nxg8 Qb4 19. Ne4 Qf8 20. Ngf6+ Nxf6 21. Qxd4 Kc8 22. Qe5 1-0

[Event "Olympiad Women 2024"]
[Site "Budapest HUN"]
[Date "2024.09.14"]
[Round "4.3"]
[Board "3"]
[White "Hunt, Harriet V"]
[Black "Ni, Shiqun"]
[Result "0-1"]
[WhiteElo "2304"]
[BlackElo "2348"]
[PlyCount "54"]
[EventDate "2024.09.11"]
[WhiteTeam "England"]
[BlackTeam "China"]
[WhiteTeamCountry "ENG"]
[BlackTeamCountry "CHN"]

1. e4 e5 2. Nf3 Nf6 3. d4 Nxe4 4. Bd3 d5 5. dxe5 Nc5 6. Be2 Be7 7. O-O Ne6 ({RR} 7... O-O 8. Be3 c6 9. Nd4 Re8 10. Nd2 Bf8 11. f4 f6 12. c4 Nbd7 13. cxd5 cxd5 14. b4 fxe5 15. fxe5 Ne6 16. N2f3 Nb6 17. Qb3 Nxd4 18. Bxd4 Be6 19. Bb5 Bd7 20. Bd3 Nc4 21. Qc2 h6 22. Bh7+ {1-0 Fedoseev,V (2687)-Mamedyarov,S (2770) Levitov Mamedyarov-Fedoseev m blitz 2021 (13)}) 8. Be3 c5 ({RR} 8... b6 9. c4 dxc4 10. Qc2 Bb7 11. Rd1 Qc8 12. Bxc4 O-O 13. Nc3 Bxf3 14. gxf3 c6 15. f4 Nxf4 16. Qe4 Ne6 17. Kh1 b5 18. Bxb5 a6 19. Bc4 Nd7 20. f4 Ndc5 21. Qg2 Rb8 22. f5 Nc7 23. f6 {1-0 Kantor,G (2520)-Krstulovic,A (2446) ch-HUN Blitz 2024 (6.14)}) 9. c3 O-O $146 ({RR} 9... Nc6 10. Qd2 O-O 11. Rd1 Nc7 12. h3 Bf5 13. a4 Be4 14. Na3 a6 15. Bf4 Re8 16. Qe3 Bf8 17. Nc4 Ne6 18. Bg3 Bc2 19. Bh4 Be7 20. Bxe7 Rxe7 21. Rd2 d4 22. cxd4 cxd4 23. Qa3 Bg6 24. a5 {½-½ Szegi,V (1900)-Hornak,V (2110) SVK-chT2B 9394 1993 (14)}) 10. Qb3 b6 11. a4 a6 12. Rd1 Bb7 13. Ne1 Qc7 14. Na3 Nd7 15. f4 c4 16. Qc2 Bc5 17. Rd4 f6 18. Bg4 Rae8 19. Bxe6+ Rxe6 20. Qf5 Qc6 21. Qh3 fxe5 22. fxe5 Nxe5 23. Nec2 Rg6 24. Kh1 Bxd4 25. Nxd4 Qf6 26. Kg1 Bc8 27. Qh5 Bg4 0-1

[Event "Olympiad Women 2024"]
[Site "Budapest HUN"]
[Date "2024.09.14"]
[Round "4.3"]
[Board "4"]
[White "Lu, Miaoyi"]
[Black "Toma, Katarzyna"]
[Result "1-0"]
[WhiteElo "2438"]
[BlackElo "2184"]
[PlyCount "79"]
[EventDate "2024.09.11"]
[WhiteTeam "China"]
[BlackTeam "England"]
[WhiteTeamCountry "CHN"]
[BlackTeamCountry "ENG"]

1. d4 Nf6 2. c4 e6 3. Nc3 Bb4 4. e3 O-O 5. Nge2 Ne4 6. Qc2 f5 7. a3 Bxc3+ 8. Nxc3 Nxc3 9. Qxc3 b6 10. Bd3 Bb7 11. O-O d6 12. b4 Nd7 13. f3 Qe7 $146 ({RR} 13... Qh4 14. Bb2 Rf6 15. Qc2 Rh6 16. g3 Qh5 17. Qe2 Nf6 18. Rae1 d5 19. c5 Rg6 20. Rf2 h6 21. Rg2 Qh3 22. g4 fxg4 23. Rg3 gxf3 24. Bxg6 Qxg3+ 25. hxg3 fxe2 26. Rxe2 Ba6 27. Rc2 Bc4 28. e4 {1-0 Barzin,M-Franck,A BEL-ch Gent 1945}) 14. Bb2 e5 15. d5 a5 16. Qc2 Qf7 17. g4 axb4 18. axb4 Rxa1 19. Bxa1 g6 20. f4 fxg4 21. fxe5 Qg7 22. e6 Rxf1+ 23. Bxf1 Ne5 24. Qe4 Qf6 25. Bxe5 Qxe5 26. Qxe5 dxe5 27. Bg2 Bc8 28. Kf2 Kg7 29. Kg3 h5 30. Kh4 Kf6 31. Be4 c6 32. dxc6 Bxe6 33. c7 Bc8 34. b5 Ke7 35. c5 bxc5 36. b6 Kd6 37. b7 Bxb7 38. Bxb7 Kxc7 39. Be4 Kd6 40. Bxg6 1-0

[Event "Olympiad Women 2024"]
[Site "Budapest HUN"]
[Date "2024.09.14"]
[Round "4.4"]
[Board "1"]
[White "Osmak, Yuliia"]
[Black "Atalik, Ekaterina"]
[Result "1/2-1/2"]
[WhiteElo "2471"]
[BlackElo "2381"]
[PlyCount "72"]
[EventDate "2024.09.11"]
[WhiteTeam "Ukraine"]
[BlackTeam "Turkiye"]
[WhiteTeamCountry "UKR"]

1. c4 {Marin,Mihail} c6 2. Nf3 d5 3. g3 Nf6 4. Bg2 g6 5. b3 Bg7 6. Bb2 O-O 7. O-O Bg4 8. d3 Nbd7 ({RR} 8... Qc8) 9. Nbd2 Re8 10. Ne5 ({RR} 10. Rc1 e5 11. cxd5 cxd5 12. h3 Bxf3 13. Nxf3 e4 ({RR} 13... Bf8 14. Qc2 ({RR} 14. d4 e4 15. Ne5 Bd6) ({RR} 14. e4) 14... Bd6 15. Nd2 Nb6 16. Rfd1 Qe7 17. Nf1 Qe6 18. Ne3 Re7) ({RR} 13... Qb6 14. Rc2 ({RR} 14. Qc2) 14... e4 15. Bd4 Qa6 16. dxe4 dxe4 17. Nd2 Rad8 18. e3 h5 19. Qa1 Bf8 20. Rd1 h4 21. g4 Qe6 22. Bxf6 Nxf6 23. g5) 14. Nd4 ({RR} 14. dxe4 dxe4 15. Nd4 Qa5 ({RR} 15... Qb6) 16. a3 Rac8 17. b4 Qd5 18. Qb3 Qxb3 19. Nxb3 b6 20. Rfd1 Rxc1 21. Rxc1 Nd5 22. Bxg7 Kxg7 23. Nd4 N7f6 24. e3 h5 25. Bf1 Kf8 26. Bb5) 14... Qb6 15. Nc2 Qa6 ({RR} 15... Nh5) 16. a3 Rad8 17. Nb4 Qb5 18. Bd4 Nh5 19. Bxg7 Nxg7 ({RR} 19... Kxg7 20. Qc2 a5 21. Na2 exd3 22. exd3 Ne5 23. d4 Nc6 24. Nc3 Qb6 25. Nxd5 Qxd4 26. Rfd1) 20. dxe4 dxe4 21. Nd5 Qa5 22. b4 Qxa3 23. Qc2 Nf5 24. Ra1 Nd4) 10... Nxe5 11. Bxe5 Qd7 ({RR} 11... Qa5 12. Rc1 Rad8 ({RR} 12... Qxa2 13. Ra1) 13. cxd5 Nxd5 ({RR} 13... cxd5 14. Bc7) 14. Bxg7 Kxg7 15. Nc4 Qb5 16. Qd2 f6 17. d4) ({RR} 11... Ne4 12. Bxg7 Nxd2 13. Qxd2 Kxg7 14. cxd5 cxd5 15. Rac1 Qd6 16. h3 Bd7 17. Qc3+ Kg8 18. h4 ({RR} 18. Qc7 Qxc7 19. Rxc7 Bc6 20. Rc1 e6 21. b4 Rac8 22. Rxc8 Rxc8) ({RR} 18. Qc5 Qxc5 19. Rxc5 e6 20. e4 dxe4 21. Bxe4) 18... Bc6 ({RR} 18... Rac8 19. Qd4 Bc6 20. Qxa7 Ra8 21. Qc5 Qxc5 22. Rxc5 Rxa2) 19. Qc5 Qd7 20. f4) 12. Re1 ({RR} 12. cxd5 cxd5 13. Nf3 Qf5 14. Re1 Rac8 15. Qd2 Bxf3 16. exf3 b6 17. f4 Nd7) 12... Nh5 ({RR} 12... Qf5 13. f4 Qh5 14. Nf3 Bh3 15. Qd2 Bh6 16. Bxh3 ({RR} 16. Qb4) 16... Qxh3 17. Bxf6 exf6 18. cxd5 cxd5 19. e3 Bf8 20. Rac1 a5) 13. Bxg7 Kxg7 14. b4 Nf6 15. Qc2 e5 16. Qb2 Rad8 $146 ({RR} 16... Bh3 17. Bh1 Rad8 18. Rab1 d4 19. b5 c5 ({RR} 19... cxb5 20. Qxb5 Qxb5 21. Rxb5 b6 22. a4) 20. Qa3 b6 21. Bc6 Qc7 22. Bxe8 Rxe8 23. f3 h5 24. Qc1 Rh8 25. Ne4 Nxe4 26. dxe4 Be6 27. Rb2 a5 28. Rd1 Qe7 29. Rc2 Rc8 30. h4 f6 31. e3 {½-½ Kozul,Z (2585)-Stefansson,H (2579) EU-chT (Men) 15th 2005 (6.1)}) 17. Rac1 h5 18. h4 dxc4 19. Nxc4 Qd4 20. Rc2 Bf5 21. Na5 Re7 22. a3 e4 23. dxe4 Nxe4 24. Qxd4+ Rxd4 25. Rc4 Rxc4 26. Nxc4 Nc3 27. e3 Rd7 28. Bf1 Ne4 29. Be2 c5 30. bxc5 Nxc5 31. Rd1 Rxd1+ 32. Bxd1 Be6 33. Be2 Ne4 34. Bd3 Nc5 35. Be2 Ne4 36. Bd3 Nc5 1/2-1/2

[Event "Olympiad Women 2024"]
[Site "Budapest HUN"]
[Date "2024.09.14"]
[Round "4.4"]
[Board "3"]
[White "Buksa, Nataliya"]
[Black "Ozturk Orenli, Kubra"]
[Result "1-0"]
[WhiteElo "2387"]
[BlackElo "2262"]
[PlyCount "61"]
[EventDate "2024.09.11"]
[WhiteTeam "Ukraine"]
[BlackTeam "Turkiye"]
[WhiteTeamCountry "UKR"]

1. e4 e5 2. Nf3 Nc6 3. Bb5 a6 4. Ba4 Nf6 5. O-O Be7 6. Re1 b5 7. Bb3 d6 8. c3 O-O 9. h3 Nb8 10. d4 Nbd7 11. c4 c6 12. Qc2 Bb7 13. a3 ({RR} 13. Nc3 exd4 14. Nxd4 Re8 15. a3 Bf8 16. Bg5 h6 17. Bh4 Qb6 18. Nf5 bxc4 19. Bxc4 d5 20. Ba2 Re6 21. Rad1 Rae8 22. Nd4 R6e7 23. Nf5 Re6 24. Nd4 R6e7 25. Nf5 Re6 26. Nd4 R6e7 27. Nf5 {½-½ Yu,Y (2724)-Ding,L (2755) CHN-chT China 2015 (5.3)}) 13... Qc7 ({RR} 13... exd4 14. Nxd4 Ne5 15. cxb5 axb5 16. Bf4 Ng6 17. Bh2 Qb6 18. Nf5 c5 19. Nc3 c4 20. Nxe7+ Nxe7 21. Ba2 d5 22. exd5 Nexd5 23. Rad1 Nxc3 24. Qxc3 Rfe8 25. Bb1 Be4 26. Be5 Bxb1 27. Rxb1 Nd5 28. Qf3 {1-0 Can,E (2543)-Secheres,A (2342) 17th Arad Open 2024 (3.17)}) 14. cxb5 $146 ({RR} 14. Nc3 Rac8 15. Be3 h6 16. Nh4 bxc4 17. Bxc4 Nb6 18. Ba2 exd4 19. Bxd4 c5 20. Be3 d5 21. e5 Ne4 22. Ng6 Rfe8 23. Nxd5 Nxd5 24. Qxe4 c4 25. Nxe7+ Rxe7 26. Bd4 Nb4 27. Qf5 Nxa2 28. Rxa2 Rd8 {0-1 Albornoz Cabrera,C (2567)-Veiga,J (2366) Iberoamerican-ch 8th 2022 (3)}) 14... axb5 15. Ba2 c5 16. Bg5 Rfc8 17. dxe5 Nxe5 18. Nxe5 dxe5 19. Bxf6 Bxf6 20. Nc3 Bc6 21. Bd5 Be7 22. Rad1 b4 23. Bxc6 Qxc6 24. Nd5 Bf8 25. axb4 cxb4 26. Qd2 b3 27. Qe3 Rab8 28. Rc1 Qe6 29. Qg3 g6 30. Rxc8 Rxc8 31. Qxb3 1-0

[Event "Olympiad Women 2024"]
[Site "Budapest HUN"]
[Date "2024.09.14"]
[Round "4.4"]
[Board "4"]
[White "Aydin, Gulenay"]
[Black "Doluhanova, Evgeniya"]
[Result "1-0"]
[WhiteElo "2202"]
[BlackElo "2304"]
[PlyCount "111"]
[EventDate "2024.09.11"]
[WhiteTeam "Turkiye"]
[BlackTeam "Ukraine"]
[BlackTeamCountry "UKR"]

1. e4 e5 2. Nf3 Nc6 3. Nc3 Nf6 4. d4 exd4 5. Nxd4 Bb4 6. Nxc6 bxc6 7. Bd3 d5 8. exd5 O-O 9. O-O cxd5 10. h3 c6 11. Qf3 Nd7 12. Qg3 Re8 13. Bf4 Nc5 14. Bg5 f6 15. Bh6 Re7 $146 ({RR} 15... Qd7 16. Rae1 Rxe1 17. Rxe1 Nxd3 18. cxd3 d4 19. Re8+ Bf8 20. Ne4 Qf7 21. Nd6 Qd7 22. Bxg7 Qxg7 23. Nxc8 Qxg3 24. fxg3 Kg7 25. Rd8 Rb8 26. b3 a5 27. Kf2 a4 28. bxa4 Rb2+ 29. Kf3 Rxa2 30. Rxd4 {½-½ Timoshin,A (2150)-Pedmanson,A (1888) EST-ch Tallinn 2021 (4)}) 16. a3 Nxd3 17. cxd3 Bc5 18. Rac1 Ba6 19. Rfd1 Bd4 20. b4 Qe8 21. Bd2 Be5 22. Qf3 Qf7 23. Ne2 Rae8 24. Be3 Bb5 25. Nd4 Bxd4 26. Bxd4 Ba4 27. Rf1 a6 28. Bc5 Re6 29. Bd4 Qg6 30. Bc3 Bb5 31. Rfd1 h5 32. Kh2 h4 33. Bd4 Re2 34. Rc3 Ra2 35. Be3 Qf7 36. Kg1 Qe7 37. Rdc1 Qe5 38. Qg4 g5 39. Bd4 Qe6 40. Qh5 Qf7 41. Qf3 Re6 42. Qf5 Rae2 43. Be3 Kg7 44. Kf1 Ra2 45. Bd4 Kf8 46. Kg1 Rae2 47. R3c2 Rxc2 48. Rxc2 Kg8 49. Rc1 Ba4 50. Rf1 Bc2 51. f4 g4 52. Qxg4+ Kh7 53. Qxh4+ Kg8 54. f5 Re8 55. Rf3 Kf8 56. Bc5+ 1-0

[Event "Olympiad Women 2024"]
[Site "Budapest HUN"]
[Date "2024.09.14"]
[Round "4.5"]
[Board "1"]
[White "Tokhirjonova, Gulrukhbegim"]
[Black "Roebers, Eline"]
[Result "1/2-1/2"]
[WhiteElo "2380"]
[BlackElo "2340"]
[PlyCount "78"]
[EventDate "2024.09.11"]
[WhiteTeam "United States of America"]
[BlackTeam "Netherlands"]
[BlackTeamCountry "NED"]

1. d4 Nf6 2. c4 g6 3. g3 Bg7 4. Bg2 O-O 5. Nf3 d6 6. O-O Nbd7 7. Nc3 e5 8. e4 Re8 9. h3 b6 10. d5 Nc5 11. Ne1 a5 12. b3 Rf8 ({RR} 12... Nfd7 13. Rb1 f5 14. a3 Nf6 15. exf5 Bxf5 16. Nc2 h5 17. b4 axb4 18. axb4 Nfe4 19. Nb5 Na4 20. Rb3 Ng5 21. Bxg5 Qxg5 22. Nxc7 e4 23. Nxa8 Rxa8 24. Nd4 Kh7 25. Ne6 Bxe6 26. dxe6 Nc3 27. Qxd6 {1-0 Jing,A (2056)-Andersen,G (2232) 17th Philadelphia Int 2024 (4.28)}) 13. Be3 $146 ({RR} 13. Rb1 Ne8 14. Nc2 f5 15. exf5 gxf5 16. a3 a4 17. b4 Nb3 18. Bb2 f4 19. Ne4 Bf5 20. g4 Bd7 21. Qd3 Nf6 22. Nxf6+ Qxf6 23. Be4 Qh4 24. Ne1 h5 25. Ng2 Qg5 26. f3 hxg4 27. hxg4 Bf6 {1-0 Ponkratov,P (2641)-Gumularz,S (2539) Wch Blitz Warsaw 2021 (19)}) ({RR} 13. Rb1 Nh5 14. a3 f5 15. exf5 Bxf5 16. Nc2 Bd3 17. Ne2 e4 18. Be3 a4 19. b4 Nb3 20. Re1 Qe7 21. g4 Nf6 22. Nf4 Bxc4 23. g5 Nd7 24. Ne6 Bd3 25. Nxf8 Rxf8 26. h4 Ne5 27. Nd4 Bxb1 {0-1 Vakhidov,J (2534)-Praggnanandhaa,R (2608) Tetraktys Concept Mgmt blitz 2021 (8)}) 13... Nfd7 14. a3 f5 15. b4 f4 16. Bxc5 bxc5 17. bxc5 fxg3 18. fxg3 Rxf1+ 19. Bxf1 Nxc5 20. Ra2 Qg5 21. Kh2 Rb8 22. Nd3 Nxd3 23. Bxd3 Bd7 24. Nb5 Qe3 25. Qd2 Qxd2+ 26. Rxd2 Bxb5 27. cxb5 Bh6 28. Rc2 Rb7 29. Kg2 Be3 30. a4 Bc5 31. Rc1 Rb8 32. Rf1 Rf8 33. Rxf8+ Kxf8 34. Kf3 Ke7 35. Be2 Kf6 36. Bd3 Bb6 37. Be2 Bc5 38. Bd3 Bb6 39. Be2 Bc5 1/2-1/2

[Event "Olympiad Women 2024"]
[Site "Budapest HUN"]
[Date "2024.09.14"]
[Round "4.5"]
[Board "2"]
[White "Van Foreest, Machteld"]
[Black "Yip, Carissa"]
[Result "0-1"]
[WhiteElo "2224"]
[BlackElo "2386"]
[PlyCount "92"]
[EventDate "2024.09.11"]
[WhiteTeam "Netherlands"]
[BlackTeam "United States of America"]
[WhiteTeamCountry "NED"]

1. e4 e5 2. Nf3 Nc6 3. Bc4 Bc5 4. c3 Nf6 5. d3 d6 6. Nbd2 a6 7. Bb3 Ba7 8. h3 Qe7 ({RR} 8... h6 9. Nf1 Be6 10. N3h2 Qd7 11. Qf3 Bxb3 12. axb3 O-O-O 13. Ng3 d5 14. O-O dxe4 15. dxe4 Qd3 16. b4 Qxf3 17. Nxf3 Rd3 18. b5 axb5 19. Nxe5 Nxe5 20. Rxa7 Kb8 21. Ra2 Rhd8 22. Bf4 Nc4 23. b3 {0-1 Morozevich,A (2788)-Kramnik,V (2788) Moscow Tal Memorial Blitz 2008 (29)}) 9. Nf1 ({RR} 9. a4 Be6 10. O-O h6 11. Bxe6 Qxe6 12. Re1 O-O 13. Nf1 d5 14. exd5 Qxd5 15. Be3 Rfd8 16. Bxa7 Rxa7 17. Ne3 Qxd3 18. Qb3 Re8 19. Rad1 Qg6 20. Nh4 Qh7 21. Ng4 Nxg4 22. hxg4 g6 23. Rd7 Qg7 {1-0 Rapport,R (2715)-Vocaturo,D (2600) 45th Olympiad 2024 (4.2)}) 9... Bd7 10. Be3 $146 ({RR} 10. Qe2 h6 11. Be3 O-O-O 12. O-O-O Kb8 13. Bxa7+ Kxa7 14. Ne3 Rhe8 15. g4 Be6 16. Rhe1 d5 17. exd5 Nxd5 18. Bxd5 Bxd5 19. Nxd5 Rxd5 20. d4 exd4 21. Qxe7 Rxe7 22. Nxd4 Rxe1 23. Nxc6+ Kb6 24. Rxe1 Kxc6 {½-½ Spence,D (2235)-Merry,A (2342) Newmarket EACU op 2015 (5)}) 10... O-O-O 11. Bxa7 Nxa7 12. Ne3 Kb8 13. c4 c6 14. Qd2 Be6 15. Qc3 g6 16. Bc2 Bc8 17. b4 Rhe8 18. Bb3 g5 19. Nxg5 d5 20. cxd5 Nxd5 21. exd5 Qxg5 22. Rc1 f5 23. dxc6 Nxc6 24. Bd5 Rxd5 25. Nxd5 Qxg2 26. Qc5 Rd8 27. Ne7 Qxh1+ 28. Ke2 Qg2 29. Rg1 Qxg1 30. Nxc6+ bxc6 31. Qb6+ Bb7 32. Qxd8+ Ka7 33. Qe7 Qg8 34. Qc5+ Ka8 35. Qxe5 Qxa2+ 36. Ke3 Qf7 37. Qh8+ Ka7 38. Qd4+ Kb8 39. Qe5+ Kc8 40. Kf4 Qc7 41. Kxf5 Qxe5+ 42. Kxe5 Kd7 43. f4 Ke7 44. h4 Bc8 45. d4 Be6 46. h5 h6 0-1

[Event "Olympiad Women 2024"]
[Site "Budapest HUN"]
[Date "2024.09.14"]
[Round "4.5"]
[Board "3"]
[White "Krush, Irina"]
[Black "Bensdorp-De Labaca, Marlies"]
[Result "1-0"]
[WhiteElo "2396"]
[BlackElo "2241"]
[PlyCount "81"]
[EventDate "2024.09.11"]
[WhiteTeam "United States of America"]
[BlackTeam "Netherlands"]
[BlackTeamCountry "NED"]

1. c4 e6 2. Nc3 d5 3. d4 Nf6 4. cxd5 exd5 5. Bg5 Be7 6. e3 O-O 7. Bd3 Re8 8. Nge2 h6 9. Bh4 c6 10. O-O a5 11. Qc2 ({RR} 11. f3 b5 12. Kh1 Nbd7 13. Rc1 Nb6 14. b3 Bb7 15. Bf2 b4 16. Nb1 Bd6 17. Nd2 Bf8 18. e4 dxe4 19. fxe4 c5 20. Bh4 g5 21. Bf2 Nxe4 22. Nxe4 Bxe4 23. Bxe4 Rxe4 24. Ng3 Re6 25. dxc5 Nd5 {1-0 Mamedyarov,S (2738)-Eljanov,P (2705) ChessKid Cup Play-In 2023 (5.16)}) ({RR} 11. f3 b5 12. Rc1 Nbd7 13. Bf2 Nb6 14. Ng3 Bd7 15. Kh1 Rc8 16. e4 dxe4 17. fxe4 b4 18. Nce2 Ng4 19. Bg1 Bg5 20. Nf4 Nf6 21. Rc5 Ra8 22. Qf3 Rf8 23. Nf5 Na4 24. Rc2 Bxf5 25. exf5 Bxf4 {1-0 Hryzlova,S (2188)-Mihailova,A (1969) Olympiad Women 2024 (2.21)}) 11... Na6 12. a3 Nc7 13. Rad1 $146 ({RR} 13. Na4 Ne6 14. Nc5 Nxc5 15. Bxf6 Bxf6 16. Qxc5 Be7 17. Qc2 Bd6 18. Rfe1 Qg5 19. Ng3 g6 20. e4 Bxg3 21. hxg3 dxe4 22. Rxe4 Rxe4 23. Bxe4 Be6 24. Qc3 Rd8 25. Bf3 Qb5 26. b4 axb4 27. axb4 Qc4 {0-1 Schmidlechner,A (2147)-Tica,S (2444) TCh-AUT 2nd West 2023-24 (5.3)}) 13... Ne6 14. f3 b5 15. Kh1 Ba6 16. Bf2 Qb8 17. Ng3 b4 18. Nce2 Bxd3 19. Rxd3 c5 20. dxc5 Nxc5 21. Rdd1 bxa3 22. bxa3 Qb3 23. Qxb3 Nxb3 24. a4 Bb4 25. Nf4 Bd2 26. Nf5 Rab8 27. Bh4 Rb6 28. Be1 Bxe1 29. Rfxe1 Rb4 30. Nxd5 Nxd5 31. Rxd5 Rxa4 32. h4 h5 33. Rd7 Ra2 34. Red1 a4 35. Ra7 Nc5 36. Rd5 Rc2 37. Kh2 Ne6 38. Ne7+ Kf8 39. Rxh5 Rc7 40. Nd5 f6 41. Nxc7 1-0

[Event "Olympiad Women 2024"]
[Site "Budapest HUN"]
[Date "2024.09.14"]
[Round "4.5"]
[Board "4"]
[White "Kazarian, Anna-Maja"]
[Black "Lee, Alice"]
[Result "0-1"]
[WhiteElo "2180"]
[BlackElo "2384"]
[PlyCount "64"]
[EventDate "2024.09.11"]
[WhiteTeam "Netherlands"]
[BlackTeam "United States of America"]
[WhiteTeamCountry "NED"]

1. e4 c5 2. Nf3 Nc6 3. Bb5 e6 4. Bxc6 bxc6 5. O-O Ne7 6. b3 Ng6 7. Bb2 f6 8. e5 Be7 9. Re1 ({RR} 9. d3 O-O 10. Nbd2 Rb8 11. Qe1 Ba6 12. Nc4 Qc7 13. Qe3 Rbe8 14. Rae1 Rf7 15. h4 Bxc4 16. dxc4 fxe5 17. h5 Nh4 18. Nxe5 Rf5 19. g4 Rff8 20. f4 d6 21. Nd3 Bd8 22. Qh3 Qd7 23. Re3 e5 {1-0 Carlsen,M (2862)-Maghsoodloo,P (2676) Chess.com Speed blitz 2020 (1.22)}) 9... O-O 10. d3 Qe8 $146 ({RR} 10... fxe5 11. Nxe5 Nxe5 12. Bxe5 d6 13. Bg3 Bf6 14. c3 a5 15. Qc2 a4 16. Nd2 Rf7 17. Ne4 e5 18. bxa4 Rfa7 19. Qb3+ Kh8 20. Nxf6 gxf6 21. d4 cxd4 22. cxd4 Qg8 23. Qf3 Qe6 24. dxe5 fxe5 25. Qf8+ {1-0 Myall,I (1995)-Titz,H (2161) Wch Seniors 65 28th 2018 (9)}) ({RR} 10... fxe5 11. Nxe5 Bf6 12. Nd2 Nf4 13. Ndf3 d6 14. Nc4 e5 15. Ne3 d5 16. c4 e4 17. Bxf6 Qxf6 18. dxe4 dxe4 19. Nd2 Nh3+ 20. gxh3 Qxf2+ 21. Kh1 Bxh3 22. Nxe4 Qf4 23. Ng3 Rad8 24. Qc2 Qf3+ 25. Kg1 {1-0 Kalyani Sirin (2163)-Cherukuri,N (2060) Titled Tue 18th Jun Early 2024 (4)}) ({RR} 10... Qc7 11. Na3 fxe5 12. Nxe5 Nh8 13. Qd2 d6 14. Nf3 e5 15. Qe3 Ng6 16. Nc4 Bg4 17. Ncd2 Rf5 18. h3 Bxf3 19. Nxf3 Raf8 20. Rf1 Rxf3 21. gxf3 Nf4 22. Qe4 Qd7 23. Bc1 Qxh3 24. Bxf4 Rxf4 25. Rae1 {0-1 Dimitrijevic,M (2255)-Begus,D (2300) SRB-chT 2nd League West 2019 (11.3)}) 11. Nbd2 fxe5 12. Nxe5 d6 13. Nec4 e5 14. Ne4 Nh4 15. Ng3 Qf7 16. Qe2 Bg4 17. f3 Be6 18. Nd2 Ng6 19. Qe4 Bg5 20. Ndf1 Nf4 21. Ne3 Bd5 22. Qf5 Qe7 23. Qg4 Be6 24. Nef5 Qd8 25. h4 Bf6 26. h5 Kh8 27. Bc1 Qd7 28. Rb1 Nd5 29. f4 exf4 30. Bxf4 Nxf4 31. Qxf4 Bxf5 32. Nxf5 Bd4+ 0-1

[Event "Olympiad Women 2024"]
[Site "Budapest HUN"]
[Date "2024.09.14"]
[Round "4.6"]
[Board "1"]
[White "Khademalsharieh, Sarasadat"]
[Black "Munkhzul, Turmunkh"]
[Result "1/2-1/2"]
[WhiteElo "2468"]
[BlackElo "2256"]
[PlyCount "51"]
[EventDate "2024.09.11"]
[WhiteTeam "Spain"]
[BlackTeam "Mongolia"]
[WhiteTeamCountry "ESP"]
[BlackTeamCountry "MGL"]

1. d4 Nf6 2. c4 e6 3. Nf3 d5 4. cxd5 exd5 5. Nc3 c6 6. Qc2 Be7 7. Bg5 g6 8. e3 Bf5 9. Bd3 Bxd3 10. Qxd3 O-O 11. Bxf6 Bxf6 12. h4 Nd7 ({RR} 12... Na6 13. h5 c5 14. Rd1 Nb4 15. Qe2 Re8 16. Kf1 Rc8 17. hxg6 hxg6 18. g3 Kg7 19. Kg2 cxd4 20. Nxd4 Nc6 21. Qf3 Re5 22. Nde2 Rf5 23. Nf4 Bxc3 24. bxc3 Qg5 25. Qe2 Qe7 26. Nxd5 Qe6 27. e4 {1-0 Caruana,F (2764)-Tari,A (2642) 11th Norway Chess 2023 (3.3)}) ({RR} 12... h6 13. O-O-O Nd7 14. g4 Bg7 15. Nd2 b5 16. f4 b4 17. Ne2 c5 18. Kb1 c4 19. Nxc4 dxc4 20. Qxc4 Qe7 21. Rh3 Qe4+ 22. Ka1 Rac8 23. Qxb4 Qc2 24. Qd2 Nf6 25. Nc3 Qxd2 26. Rxd2 Nxg4 27. h5 {0-1 Lim,M (1777)-Murphy,H (2001) 4NCL Div 2 2023-24 (3.4)}) 13. h5 Re8 14. Kf1 Bg7 $146 ({RR} 14... b5 15. Rc1 Rc8 16. g3 b4 17. Na4 Qa5 18. b3 Qb5 19. Nb2 Qb7 20. Na4 Qb5 21. Nb2 a6 22. Qxb5 cxb5 23. Ke2 Rc3 24. hxg6 hxg6 25. Nd3 Be7 26. Rxc3 bxc3 27. b4 a5 28. a3 Ra8 29. Rc1 {0-1 Shakirov,M (2179)-Ponkratov,P (2595) TCh-RUS Rapid 2023 (9.25)}) 15. g3 Qe7 16. Kg2 Rad8 17. Rh4 g5 18. Rhh1 h6 19. Rab1 Qe6 20. Rbe1 f5 21. Qc2 Nb6 22. b3 Qf7 23. Ne2 Qe6 24. Nc3 Qf7 25. Ne2 Qe6 26. Nc3 1/2-1/2

[Event "Olympiad Women 2024"]
[Site "Budapest HUN"]
[Date "2024.09.14"]
[Round "4.6"]
[Board "2"]
[White "Munguntuul, Batkhuyag"]
[Black "Garcia Martin, Marta"]
[Result "1-0"]
[WhiteElo "2346"]
[BlackElo "2318"]
[PlyCount "73"]
[EventDate "2024.09.11"]
[WhiteTeam "Mongolia"]
[BlackTeam "Spain"]
[WhiteTeamCountry "MGL"]
[BlackTeamCountry "ESP"]

1. e4 e5 2. Nf3 Nc6 3. Bb5 a6 4. Ba4 Nf6 5. O-O Nxe4 6. d4 Be7 7. Re1 b5 8. Rxe4 d5 9. Nxe5 Nxe5 10. Rxe5 bxa4 11. Nc3 O-O 12. Qh5 ({RR} 12. Re1 Bd6 13. Qh5 a3 14. Nxd5 axb2 15. Bxb2 Rb8 16. Rab1 Re8 17. Ne3 Bf4 18. d5 Rb4 19. c4 Bxe3 20. Rxe3 Rxe3 21. fxe3 Rxc4 22. Bd4 c5 23. Ba1 f6 24. h3 Qe7 25. Qf3 h6 26. Re1 Re4 {½-½ Caruana,F (2819)-Carlsen,M (2875) Croatia GCT Zagreb 2019 (3)}) 12... Bd6 ({RR} 12... c6 13. Nxa4 g6 14. Qh6 Bf6 15. Bg5 Bxg5 16. Rxg5 Qe7 17. c3 f5 18. h4 Re8 19. Nc5 Rb8 20. Nd3 Qg7 21. Qxg7+ Kxg7 22. h5 Kf6 23. f4 Re3 24. Rd1 a5 25. Kf2 Re4 26. hxg6 hxg6 27. Kg3 {1-0 Heimann,M (2435)-Basso,P (2503) 8th Semana Santa Alicante 2024 (5.7)}) 13. Re2 $146 ({RR} 13. Re1 a3 14. Nxd5 Bb7 15. Ne3 Re8 16. bxa3 Re6 17. h3 Qf6 18. Rb1 Be4 19. d5 Bg6 20. Qd1 Re4 21. Bb2 Qf4 22. Nf1 Rb8 23. Bc3 Rxb1 24. Qxb1 h5 25. Bb4 Be5 26. Bd2 Qh4 27. c4 Rxe1 {½-½ Rakotomaharo,F (2475)-Vlachos,A (2421) Paris Barreau Elite 2021 (6)}) ({RR} 13. Re1 c6 14. Nxa4 Qa5 15. Nc3 Rb8 16. Re2 Ba3 17. Nd1 Bd6 18. Bd2 Qc7 19. h3 a5 20. b3 a4 21. Nc3 Ba6 22. Ree1 a3 23. Na4 Qa7 24. Be3 Rbe8 25. Nc5 Bc8 26. c4 Bxc5 27. dxc5 dxc4 {1-0 Preotu,R (2524)-Mikhalevski,V (2581) PRO League Stage rapid 2019 (2)}) 13... a3 14. Nxd5 axb2 15. Bxb2 Rb8 16. c4 Be6 17. Ne3 Qf6 18. Nd5 Qd8 19. Rd1 Qd7 20. Ne3 Bf4 21. Rdd2 Bxe3 22. Rxe3 Bxc4 23. d5 Rfe8 24. h3 Rxe3 25. fxe3 f6 26. e4 Qe7 27. Qh4 Qb4 28. Qf4 Re8 29. e5 fxe5 30. Bxe5 Qc5+ 31. Kh2 Bb5 32. Bxc7 Bd7 33. Be5 Qe7 34. Bd4 h6 35. Rd3 Qf7 36. Qd6 Re2 37. Rg3 1-0